[Event "Innsbruck op-A 1st"]
[Site "Innsbruck"]
[Date "2017.08.28"]
[Round "4"]
[White "Satta, Vladimiro"]
[Black "Peyrer, Konstantin"]
[Result "1/2-1/2"]
[WhiteElo "2202"]
[BlackElo "2078"]
[PlyCount "146"]
[EventDate "2017.08.25"]
[EventType "swiss"]
[EventRounds "9"]
[EventCountry "AUT"]
[SourceTitle "CBM 180 Extra"]
[Source "ChessBase"]
[SourceDate "2017.10.06"]
[SourceVersion "1"]
[SourceVersionDate "2017.10.06"]
[SourceQuality "1"]

1. e4 c5 2. Nf3 d6 3. Bb5+ Nd7 4. 0-0 Ngf6 5. Re1 a6 6. Bxd7+ Bxd7 7. Nc3 e5 8. d3 h6 9. Nd2 Be7 10. Nc4 0-0 11. Ne3 Be6 12. Qf3 g6 13. Nf5 gxf5 14. exf5 Bd7 15. Bxh6 Kh8 16. Bxf8 Qxf8 17. Qh3+ Nh7 18. Qh5 f6 19. Nd5 Qe8 20. Qh6 Rd8 21. Qh3 Qf7 22. Nxe7 Qxe7 23. Re3 Rg8 24. Rg3 Rxg3 25. hxg3 Qf7 26. g4 Kg7 27. Qe3 Bc6 28. f3 Qd5 29. Kf2 Ng5 30. b3 Nf7 31. c3 Nh6 32. Ke2 b5 33. Qe4 Qxe4+ 34. dxe4 Nf7 35. Ke3 a5 36. Rd1 Kf8 37. g3 Ke7 38. f4 Bb7 39. Rh1 d5 40. exd5 Bxd5 41. Rh2 Kd6 42. Rh5 Ke7 43. g5 exf4+ 44. gxf4 Nd6 45. g6 Bg8 46. Kd3 Kf8 47. Kc2 Ne8 48. Kd3 c4+ 49. bxc4 Bxc4+ 50. Kd4 Bxa2 51. Kc5 a4 52. Kxb5 Ng7 53. Rh8+ Bg8 54. Kxa4 Nxf5 55. Rh5 Ne7 56. f5 Nd5 57. Rh3 Kg7 58. Kb5 Ne7 59. Rh5 Kf8 60. c4 Ke8 61. c5 Kd7 62. Rh7 Bd5 63. Kb6 Be4 64. g7 Bd5 65. Rh8 Bg8 66. c6+ Kc8 67. Rh6 Nd5+ 68. Kc5 Kc7 69. Rh3 Ne7 70. Rh6 Nxf5 71. Rxf6 Nxg7 72. Rg6 Ne6+ 73. Kb4 Bf7 1/2-1/2

[Event "EU-Cup 32nd"]
[Site "Novi Sad"]
[Date "2016.11.10"]
[Round "5.5"]
[White "Engqvist, Thomas"]
[Black "Satta, Vladimiro"]
[Result "1-0"]
[WhiteElo "2350"]
[BlackElo "2197"]
[PlyCount "79"]
[EventDate "2016.11.06"]
[EventType "team-swiss"]
[EventRounds "7"]
[EventCountry "SRB"]
[SourceTitle "CBM 176"]
[Source "ChessBase"]
[SourceDate "2017.01.17"]
[SourceVersion "1"]
[SourceVersionDate "2017.01.17"]
[SourceQuality "1"]
[WhiteTeam "Umea Rockaden"]
[BlackTeam "Rome Steinitz"]
[WhiteTeamCountry "SWE"]
[BlackTeamCountry "ITA"]

1. d4 d6 2. Nf3 Bg4 3. c4 c6 4. e4 Nd7 5. Nc3 Ngf6 6. Be2 e5 7. Be3 Be7 8. 0-0 0-0 9. d5 Qc7 10. Nd2 Bxe2 11. Qxe2 a6 12. Rfc1 Rfc8 13. Qd1 Qd8 14. b4 cxd5 15. cxd5 b5 16. Nb3 Nb6 17. Na5 Nc4 18. Nc6 Nxe3 19. fxe3 Qd7 20. a4 Bd8 21. Qd3 bxa4 22. Rxa4 Bb6 23. Nd1 Qb7 24. Rca1 Rc7 25. Rxa6 Rxa6 26. Qxa6 h6 27. Qc4 Kh7 28. h3 Qc8 29. Kf2 g5 30. Ke2 g4 31. Nf2 gxh3 32. gxh3 Qg8 33. Qc1 Qg6 34. Qh1 Rc8 35. Qf3 Qg5 36. Ra6 Bc7 37. b5 Rg8 38. Ra7 Ne8 39. Qxf7+ Rg7 40. Qxe8 1-0

[Event "Geneve op 28th"]
[Site "Geneve"]
[Date "2011.12.27"]
[Round "2"]
[White "Sokolov, Andrei"]
[Black "Satta, Vladimiro"]
[Result "1-0"]
[WhiteElo "2571"]
[BlackElo "2249"]
[PlyCount "61"]
[EventDate "2011.12.26"]
[EventType "swiss"]
[EventRounds "7"]
[EventCountry "SUI"]
[SourceTitle "CBM 146 Extra"]
[Source "ChessBase"]
[SourceDate "2012.02.29"]
[SourceVersion "1"]
[SourceVersionDate "2012.02.29"]
[SourceQuality "1"]

1. e4 c5 2. Nf3 e6 3. d4 cxd4 4. Nxd4 a6 5. Bd3 Bc5 6. Nb3 Be7 7. Be3 b6 8. N1d2 d5 9. Qg4 Bf6 10. exd5 exd5 11. Qe2 Ne7 12. 0-0-0 Nbc6 13. Kb1 0-0 14. h4 Re8 15. Bg5 Qd6 16. Nc4 Qc7 17. Ne3 Be5 18. f4 d4 19. fxe5 dxe3 20. Qxe3 Nxe5 21. Be4 Bf5 22. Rhe1 Bxe4 23. Qxe4 f6 24. Bf4 N7g6 25. Bg3 Rac8 26. Nd4 Qc4 27. b3 Qb4 28. h5 Nf8 29. Qd5+ Nf7 30. Nc6 Qc3 31. Re7 1-0

[Event "Davos op 9th"]
[Site "Davos"]
[Date "2011.08.12"]
[Round "6"]
[White "Satta, Vladimiro"]
[Black "Oganessian, Gaguik"]
[Result "1/2-1/2"]
[WhiteElo "2252"]
[BlackElo "2021"]
[PlyCount "145"]
[EventDate "2011.08.07"]
[EventType "swiss"]
[EventRounds "7"]
[EventCountry "SUI"]
[SourceTitle "CBM 144 Extra"]
[Source "ChessBase"]
[SourceDate "2011.10.28"]
[SourceVersion "1"]
[SourceVersionDate "2011.10.28"]
[SourceQuality "1"]

1. c4 Nf6 2. g3 e5 3. Bg2 c6 4. d4 exd4 5. Qxd4 Qb6 6. Qxb6 axb6 7. Nc3 Bb4 8. Bd2 0-0 9. Nf3 d5 10. cxd5 Bxc3 11. Bxc3 Nxd5 12. Bd2 Na6 13. 0-0 Re8 14. Nd4 Nac7 15. e4 Nf6 16. Rfe1 c5 17. Bf4 Ne6 18. Nxe6 Bxe6 19. a3 b5 20. Bd6 Nd7 21. e5 Ra7 22. Rac1 Bc4 23. Bh3 b6 24. Bg2 Nf8 25. Re3 h6 26. f4 Ne6 27. Kf2 Nd4 28. g4 Rd7 29. Be4 Ra7 30. Rd1 Ra4 31. h3 b4 32. Bc7 bxa3 33. bxa3 Ra6 34. Rc1 b5 35. Bd6 Nb3 36. Rxb3 Bxb3 37. Bxc5 Rd8 38. Bb4 Bc4 39. Re1 Ra7 40. f5 Rad7 41. Bc6 Rd1 42. Rxd1 Rxd1 43. e6 fxe6 44. fxe6 Bxe6 45. Bxb5 Bd5 46. a4 Rh1 47. Bf1 Rh2+ 48. Kg1 Rb2 49. Be1 Kf7 50. a5 Ra2 51. a6 Ra4 52. Bf2 Bc4 53. Bxc4+ Rxc4 54. a7 Ra4 55. Bd4 Ra2 56. Bf2 Ke6 57. Kg2 Ke5 58. Kf3 Ra3+ 59. Be3 g5 60. Kf2 Ke4 61. Bc5 Ra2+ 62. Kg3 Ra1 63. Bb6 Ra2 64. Bc5 Ra4 65. Bb6 Kd3 66. Bc5 Ke2 67. Kg2 Kd3 68. Bb6 Ke4 69. Bc5 Kf4 70. Bd6+ Ke3 71. Bc5+ Ke2 72. Bb6 Ra2 73. Bf2 1/2-1/2

[Event "Biel MTO op 43rd"]
[Site "Biel"]
[Date "2010.07.27"]
[Round "9"]
[White "Satta, Vladimiro"]
[Black "Nedilko, Vasily"]
[Result "1/2-1/2"]
[WhiteElo "2255"]
[BlackElo "2408"]
[PlyCount "96"]
[EventDate "2010.07.19"]
[EventType "swiss"]
[EventRounds "11"]
[EventCountry "SUI"]
[SourceTitle "CBM 137 Extra"]
[Source "ChessBase"]
[SourceDate "2010.09.01"]
[SourceVersion "1"]
[SourceVersionDate "2010.09.01"]
[SourceQuality "1"]

1. e4 c5 2. Nf3 d6 3. Bb5+ Bd7 4. Bxd7+ Nxd7 5. d4 cxd4 6. Qxd4 Ngf6 7. Nc3 e6 8. 0-0 a6 9. Bg5 Be7 10. Rfd1 Rc8 11. a4 0-0 12. a5 Qc7 13. Qd2 Rfd8 14. h3 h6 15. Be3 Nc5 16. Qe1 Qc6 17. Nd4 Qc7 18. Nf3 Qb8 19. Nd2 Ncd7 20. Qe2 Qc7 21. Nb3 Re8 22. f4 Qc4 23. Qf3 d5 24. exd5 exd5 25. Rac1 Ba3 26. Rd4 Qc6 27. Nd1 Bf8 28. Nf2 Nc5 29. Nxc5 Bxc5 30. Rd3 Bxe3 31. Rxe3 Qc5 32. Rxe8+ Rxe8 33. Qc3 Qxf2+ 34. Kxf2 Ne4+ 35. Kf3 Nxc3 36. bxc3 Rc8 37. Ke3 Rxc3+ 38. Kd4 Ra3 39. Rb1 Rxa5 40. Rxb7 g6 41. g3 Kf8 42. Ra7 h5 43. Ke5 Kg7 44. Rc7 Rb5 45. Kd4 a5 46. Rd7 Rb2 47. Rc7 Rb5 48. Rd7 Rb2 1/2-1/2

[Event "St Veit op-A 28th"]
[Site "St Veit"]
[Date "2009.07.11"]
[Round "1"]
[White "Satta, Vladimiro"]
[Black "Valent, Peter"]
[Result "1-0"]
[WhiteElo "2243"]
[BlackElo "2040"]
[PlyCount "73"]
[EventDate "2009.07.11"]
[EventType "swiss"]
[EventRounds "9"]
[EventCountry "AUT"]
[SourceTitle "CBM 131 Extra"]
[Source "ChessBase"]
[SourceDate "2009.09.03"]
[SourceVersion "2"]
[SourceVersionDate "2009.09.16"]
[SourceQuality "1"]

1. e4 e5 2. Nf3 Nc6 3. d4 exd4 4. Nxd4 Nf6 5. Nxc6 bxc6 6. e5 Qe7 7. Qe2 Nd5 8. c4 Ba6 9. g3 0-0-0 10. b3 f6 11. Bg2 Nb4 12. Bb2 fxe5 13. 0-0 Bb7 14. a3 Na6 15. Qxe5 Qxe5 16. Bxe5 d5 17. Nd2 Nc5 18. cxd5 cxd5 19. Rfc1 Kb8 20. b4 Na6 21. Nb3 Bd6 22. Bxg7 Rhg8 23. Bd4 c6 24. Na5 Rc8 25. b5 Nc7 26. Nxc6+ Bxc6 27. bxc6 Ka8 28. a4 Rb8 29. Rab1 Rxb1 30. Rxb1 Rb8 31. Rxb8+ Kxb8 32. f4 a6 33. f5 Kc8 34. g4 Bf4 35. Bf1 Kb8 36. Kg2 Bd6 37. h4 1-0

[Event "Bratto op 23rd"]
[Site "Bratto"]
[Date "2003.08.25"]
[Round "5"]
[White "Drabke, Lorenz Maximilian"]
[Black "Satta, Vladimiro"]
[Result "0-1"]
[WhiteElo "2448"]
[BlackElo "2242"]
[PlyCount "80"]
[EventDate "2003.08.21"]
[EventType "swiss"]
[EventRounds "9"]
[EventCountry "ITA"]
[SourceTitle "EXT 2004"]
[Source "ChessBase"]
[SourceDate "2003.11.25"]
[SourceVersion "1"]
[SourceVersionDate "2003.11.25"]
[SourceQuality "1"]

1. e4 e6 2. d3 d5 3. Nd2 c5 4. Ngf3 Nc6 5. g3 Nf6 6. Bg2 Be7 7. 0-0 0-0 8. Re1 b5 9. e5 Nd7 10. Nf1 Bb7 11. h4 Qc7 12. Bf4 Rfc8 13. Qe2 Nd4 14. Nxd4 cxd4 15. Rec1 Qb6 16. Bh3 Rc6 17. Nd2 Rac8 18. Nf3 Bc5 19. c3 dxc3 20. Rxc3 b4 21. Rcc1 Ba6 22. Qd2 b3 23. a3 Bd4 24. Rxc6 Rxc6 25. Nxd4 Qxd4 26. Rc1 Rxc1+ 27. Qxc1 Bxd3 28. Qc8+ Nf8 29. Be3 Qxb2 30. Bc5 Qb1+ 31. Kh2 h6 32. Qxf8+ Kh7 33. Bg2 Qc2 34. Bd4 b2 35. Bxb2 Qxf2 36. Bd4 Qxd4 37. Qxf7 Bf5 38. Qc7 Qf2 39. Qf7 a5 40. h5 Qe2 0-1

[Event "Bratto op 23rd"]
[Site "Bratto"]
[Date "2003.08.22"]
[Round "2"]
[White "Satta, Vladimiro"]
[Black "Zanellato, Lorenzo"]
[Result "1/2-1/2"]
[WhiteElo "2242"]
[BlackElo "2055"]
[PlyCount "62"]
[EventDate "2003.08.21"]
[EventType "swiss"]
[EventRounds "9"]
[EventCountry "ITA"]
[SourceTitle "EXT 2004"]
[Source "ChessBase"]
[SourceDate "2003.11.25"]
[SourceVersion "1"]
[SourceVersionDate "2003.11.25"]
[SourceQuality "1"]

1. e4 c6 2. c4 d5 3. exd5 cxd5 4. cxd5 Nf6 5. Nc3 Nxd5 6. Nf3 Nc6 7. Bb5 e6 8. 0-0 Be7 9. d4 0-0 10. Re1 Nf6 11. Bg5 Nb4 12. Rc1 a6 13. Bc4 b5 14. Bb3 Bb7 15. Ne5 Nbd5 16. Nxd5 Nxd5 17. Bxe7 Qxe7 18. Nc6 Bxc6 19. Rxc6 Qd7 20. Rc5 Rac8 21. Bxd5 exd5 22. b4 Rfe8 23. h3 Rxe1+ 24. Qxe1 Re8 25. Qc3 Qf5 26. Qc2 Qxc2 27. Rxc2 Re1+ 28. Kh2 Kf8 29. Rc6 Rd1 30. Rxa6 Rxd4 31. a3 Rd3 1/2-1/2

[Event "Porto San Giorgio op 14th"]
[Site "Porto San Giorgio"]
[Date "2002.08.25"]
[Round "6"]
[White "Satta, Vladimiro"]
[Black "Cocchi, Andrea"]
[Result "1/2-1/2"]
[WhiteElo "2218"]
[BlackElo "2281"]
[PlyCount "80"]
[EventDate "2002.08.20"]
[EventType "swiss"]
[EventRounds "9"]
[EventCountry "ITA"]
[SourceTitle "CBM 089 Extra"]
[Source "ChessBase"]
[SourceDate "2002.09.10"]
[SourceVersion "2"]
[SourceVersionDate "2002.09.10"]
[SourceQuality "1"]

1. e4 d5 2. exd5 Qxd5 3. Nc3 Qd6 4. d4 Nf6 5. Nf3 a6 6. h3 Nc6 7. a3 Bf5 8. Bd3 Bxd3 9. Qxd3 e6 10. Be3 Be7 11. 0-0 0-0 12. Rad1 Rfd8 13. Rfe1 h6 14. Ne4 Qd5 15. Nxf6+ Bxf6 16. c4 Qh5 17. Qb3 b5 18. Qc2 Ne7 19. d5 exd5 20. cxb5 axb5 21. Bd4 Bxd4 22. Nxd4 Ng6 23. Qxc7 Qg5 24. Nf3 Qf6 25. Nd4 Nf4 26. Qe5 Qxe5 27. Rxe5 Rac8 28. Kh2 b4 29. axb4 Rc4 30. Re3 Rd6 31. g3 Ne6 32. Nf5 Rd8 33. Ne7+ Kf8 34. Nxd5 Rc2 35. Kg1 Rxb2 36. Red3 Ng5 37. Nf4 Re8 38. Rd8 Rxb4 39. Rxe8+ Kxe8 40. Re1+ Kf8 1/2-1/2

[Event "Porto San Giorgio op 14th"]
[Site "Porto San Giorgio"]
[Date "2002.08.24"]
[Round "5"]
[White "Aldrovandi, Costantino"]
[Black "Satta, Vladimiro"]
[Result "1/2-1/2"]
[WhiteElo "2414"]
[BlackElo "2218"]
[PlyCount "147"]
[EventDate "2002.08.20"]
[EventType "swiss"]
[EventRounds "9"]
[EventCountry "ITA"]
[SourceTitle "CBM 089 Extra"]
[Source "ChessBase"]
[SourceDate "2002.09.10"]
[SourceVersion "2"]
[SourceVersionDate "2002.09.10"]
[SourceQuality "1"]

1. c4 e6 2. g3 d5 3. Bg2 Nf6 4. Nf3 Be7 5. 0-0 0-0 6. d4 dxc4 7. Ne5 c5 8. dxc5 Bxc5 9. Nc3 Qe7 10. Bg5 Rd8 11. Qc2 h6 12. Bxf6 Qxf6 13. Nxc4 Qe7 14. Rad1 Nc6 15. Rxd8+ Nxd8 16. Ne4 Bd7 17. Ne5 Rc8 18. Nxc5 Rxc5 19. Qd2 Rxe5 20. Rd1 Kf8 21. Qxd7 Qxd7 22. Rxd7 Ke8 23. Rd2 Rc5 24. f4 Nc6 25. Kf2 Ke7 26. Rd3 Rb5 27. Rd2 Rc5 28. Bf3 a5 29. Be4 b5 30. Ke3 b4 31. Rc2 Rxc2 32. Bxc2 Kd6 33. Ba4 e5 34. Ke4 exf4 35. gxf4 Nd8 36. Be8 Ke7 37. Bb5 Kd6 38. Kf5 Ne6 39. e3 Nc7 40. Ba4 Nd5 41. Ke4 f6 42. h4 Ne7 43. h5 Kc5 44. Bd7 Kd6 45. Be8 Kc5 46. Kd3 Nd5 47. Bf7 Ne7 48. e4 Nc6 49. Bb3 Nd4 50. Bf7 Nc6 51. a3 bxa3 52. bxa3 Nd4 53. Be8 Ne6 54. Ke3 Nc7 55. Bd7 Kd6 56. Ba4 Ne6 57. Bb3 Nc7 58. Bc4 Kc5 59. Kd3 Ne8 60. e5 fxe5 61. fxe5 Nc7 62. Bf7 Nd5 63. Ke4 Ne7 64. Be8 Nd5 65. Kf5 Kd4 66. Bf7 Ne7+ 67. Kf4 Nc6 68. e6 Ne7 69. Be8 Kd5 70. Bf7 Kd4 71. Be8 Nd5+ 72. Kf5 Ne7+ 73. Kf4 Nd5+ 74. Kf5 1/2-1/2

[Event "Porto San Giorgio op 12th"]
[Site "Porto San Giorgio"]
[Date "2000.08.27"]
[Round "8"]
[White "Satta, Vladimiro"]
[Black "Suppa, Ercole"]
[Result "1-0"]
[WhiteElo "2222"]
[BlackElo "2123"]
[PlyCount "27"]
[EventDate "2000.08.20"]
[EventType "swiss"]
[EventRounds "9"]
[EventCountry "ITA"]
[SourceTitle "EXT 2001"]
[Source "ChessBase"]
[SourceDate "2000.11.22"]
[SourceVersion "1"]
[SourceVersionDate "2000.11.22"]
[SourceQuality "1"]

1. e4 e6 2. d4 d5 3. Nd2 c5 4. Ngf3 cxd4 5. Nxd4 dxe4 6. Nxe4 a6 7. c3 Bd7 8. Bf4 Qb6 9. Nb3 e5 10. Bxe5 Qe6 11. Nd6+ Kd8 12. Nxb7+ Kc8 13. Nd6+ Kd8 14. f4 1-0

[Event "Genova op 3th"]
[Site "Genova"]
[Date "1999.??.??"]
[Round "10"]
[White "Satta, Vladimiro"]
[Black "Godena, Michele"]
[Result "1/2-1/2"]
[WhiteElo "2210"]
[BlackElo "2490"]
[PlyCount "78"]
[EventDate "1999.??.??"]
[EventType "swiss"]
[EventRounds "11"]
[EventCountry "ITA"]
[SourceTitle "EXT 2000"]
[Source "ChessBase"]
[SourceDate "1999.11.16"]
[SourceVersion "1"]
[SourceVersionDate "1999.11.16"]
[SourceQuality "1"]

1. c4 e5 2. g3 Nc6 3. Bg2 g6 4. Nc3 Bg7 5. Rb1 Nf6 6. d3 h6 7. e3 0-0 8. Nge2 Ne7 9. Qb3 c6 10. e4 d6 11. 0-0 Kh7 12. h3 a6 13. a4 b5 14. axb5 axb5 15. cxb5 Be6 16. Qc2 cxb5 17. Nxb5 Qd7 18. Na3 Rac8 19. Nc4 d5 20. exd5 Bxh3 21. Nc3 Bxg2 22. Kxg2 Nfxd5 23. Qe2 Rfd8 24. Ne4 f5 25. Ned2 Qb7 26. Kg1 Nc6 27. Nf3 Nc3 28. bxc3 Qxb1 29. Nfxe5 Nxe5 30. Nxe5 Qb5 31. Nc4 Rc7 32. Bf4 Rcd7 33. Be5 Bxe5 34. Qxe5 Qd5 35. Rd1 Qxe5 36. Nxe5 Rd5 37. f4 g5 38. d4 Ra8 39. Rb1 gxf4 1/2-1/2

[Event "Bratto op 18th"]
[Site "Bratto"]
[Date "1998.??.??"]
[Round "?"]
[White "Satta, Vladimiro"]
[Black "Efimov, Igor"]
[Result "0-1"]
[WhiteElo "2230"]
[BlackElo "2525"]
[PlyCount "70"]
[EventDate "1998.??.??"]
[EventType "swiss"]
[EventRounds "9"]
[EventCountry "ITA"]
[SourceTitle "EXT 2000"]
[Source "ChessBase"]
[SourceDate "1999.11.16"]
[SourceVersion "1"]
[SourceVersionDate "1999.11.16"]
[SourceQuality "1"]

1. g3 d5 2. Nf3 c5 3. Bg2 f6 4. c4 d4 5. e3 e5 6. exd4 cxd4 7. d3 Nc6 8. 0-0 Nge7 9. Na3 Ng6 10. Nc2 a5 11. Rb1 Bf5 12. a3 a4 13. b4 axb3 14. Rxb3 Qd7 15. Re1 Be7 16. Bd2 0-0 17. Qb1 Ra7 18. Qb2 Re8 19. Rb1 Bc5 20. Nfe1 b6 21. Rb5 e4 22. Nb4 Nce5 23. Nd5 e3 24. fxe3 dxe3 25. Bc3 Nxd3 26. Nxd3 Bxd3 27. Re1 e2+ 28. Kh1 Bxc4 29. Rxc5 bxc5 30. Nb6 Qd3 31. Nxc4 Qxc4 32. Qd2 Kh8 33. Bf3 Rxa3 34. Rxe2 Rf8 35. Bb2 Rxf3 0-1

[Event "Bratto op 18th"]
[Site "Bratto"]
[Date "1998.??.??"]
[Round "?"]
[White "Satta, Vladimiro"]
[Black "Griffa, Roberto"]
[Result "1-0"]
[WhiteElo "2230"]
[BlackElo "2075"]
[PlyCount "65"]
[EventDate "1998.??.??"]
[EventType "swiss"]
[EventRounds "9"]
[EventCountry "ITA"]
[SourceTitle "EXT 2002"]
[Source "ChessBase"]
[SourceDate "2001.11.25"]
[SourceVersion "1"]
[SourceVersionDate "2001.11.25"]
[SourceQuality "1"]

1. e4 c6 2. d3 d5 3. Nd2 e5 4. Ngf3 Bd6 5. g3 Nf6 6. Bg2 0-0 7. 0-0 Bg4 8. h3 Bh5 9. Qe1 Re8 10. Nh4 Nbd7 11. Nf5 Bf8 12. Nf3 dxe4 13. dxe4 Nc5 14. N3h4 Qc7 15. Bg5 Nfd7 16. Be3 Ne6 17. Qd2 Nb6 18. b3 a5 19. Bf3 Bxf3 20. Nxf3 f6 21. a4 Rad8 22. Qe2 Kh8 23. Rfd1 Rxd1+ 24. Rxd1 Rd8 25. Rd2 Bb4 26. Rd3 Nc8 27. c3 Bc5 28. Rxd8+ Qxd8 29. Qc4 Bxe3 30. Qxe6 g6 31. Nxe3 Nd6 32. Nd2 b5 33. c4 1-0